Encuentro nacional universidades-gobiernos regionales

Salvato in:
Dettagli Bibliografici
Natura: Libro
Lingua:spagnolo
Pubblicazione: Santiago Ministerio del Interior 1998
Soggetti:
Tags: Aggiungi Tag
Nessun Tag, puoi essere il primo ad aggiungerne!!

MARC

LEADER 00000nam a2200000 a 4500
001 UCO7040
003 CL-VaPUC
005 20230908151715.0
008 001103e19980000cl 1 spa d
082 0 4 |a 378  |b ENC  |2 21 
245 1 0 |a Encuentro nacional universidades-gobiernos regionales 
260 |a Santiago  |b Ministerio del Interior  |c 1998 
300 |a v 
583 |a last modification  |c 20001103 00:00:00  |k Rodrigo Vera 
650 0 0 |a Educación superior   |9 223851 
650 0 0 |a Desarrollo regional  |9 354599 
650 0 0 |a Regionalización   |9 255465 
942 |c BK 
945 |a rbrito  |d 20001103 00:00:00 
546 |a En Español 
518 |p Encuentro Nacional Programa Universidades Gobiernos Regionales, 4, Valdivia, 1998 
999 |c 383595  |d 383593 
952 |0 0  |1 0  |4 0  |6 378_000000000000000_ENC_1998  |7 0  |8 A  |9 505759  |a BIBEDU  |b BIBEDU  |d 2020-01-23  |h v.1  |i 3657035  |o 378 ENC 1998  |p 3657035  |r 2020-01-23  |w 2020-01-23  |y BK  |k BME 
952 |0 0  |1 0  |4 0  |6 378_000000000000000_ENC_1998  |7 0  |8 A  |9 505760  |a BIBEDU  |b BIBEDU  |d 2020-01-23  |h v.2  |i 3657043  |o 378 ENC 1998  |p 3657043  |r 2020-01-23  |w 2020-01-23  |y BK  |k BME